<?xml version="1.0" encoding="UTF-8"?>
<record
    xmlns:xsi="http://www.w3.org/2001/XMLSchema-instance"
    xsi:schemaLocation="http://www.loc.gov/MARC21/slim http://www.loc.gov/standards/marcxml/schema/MARC21slim.xsd"
    xmlns="http://www.loc.gov/MARC21/slim">

  <leader>01112    a2200193   4500</leader>
  <controlfield tag="001">22957</controlfield>
  <controlfield tag="005">20260407155519.0</controlfield>
  <controlfield tag="008">260407a1968    arg                 spa d</controlfield>
  <controlfield tag="003">AR-UNSa-BCEJYS</controlfield>
  <datafield tag="040" ind1=" " ind2=" ">
    <subfield code="a">AR-UNSa-BCEJYS</subfield>
    <subfield code="b">spa</subfield>
    <subfield code="c">AR-UNSa-BCEJYS</subfield>
  </datafield>
  <datafield tag="080" ind1=" " ind2=" ">
    <subfield code="a">347</subfield>
    <subfield code="x">Derecho Civil</subfield>
  </datafield>
  <datafield tag="245" ind1="1" ind2="0">
    <subfield code="a">Derecho Privado</subfield>
    <subfield code="p">Parte general. Introducci&#xF3;n al derecho. Parte general del derecho civil y del derecho comercial. Derechos reales. Derecho de familia. Sucesiones</subfield>
  </datafield>
  <datafield tag="264" ind1=" " ind2="1">
    <subfield code="a">Buenos Aires :</subfield>
    <subfield code="b">Cathedra</subfield>
    <subfield code="c">1968</subfield>
  </datafield>
  <datafield tag="300" ind1=" " ind2=" ">
    <subfield code="a">790 p.</subfield>
    <subfield code="c">23 cm.</subfield>
  </datafield>
  <datafield tag="505" ind1=" " ind2=" ">
    <subfield code="a">1. El derecho - 2. La ley - 3. Personas - 4. La materia comercial. El comerciante - 5. Actos de comercio - 6. Personas jur&#xED;dicas - 7. El patrimonio - 8. Hechos y actos jur&#xED;dicos - 9. Vicios. Nulidad - 10. Derechos reales - 11. Derechos reales sobre la cosa ajena - 12. Derechos reales de garant&#xED;a restante. Publicidad - 13. La familia - 14. La transmisi&#xF3;n hereditaria. Sucesi&#xF3;n intestada - 15. Indivisi&#xF3;n y partici&#xF3;n de la herencia. Sucesi&#xF3;n testamentaria</subfield>
  </datafield>
  <datafield tag="942" ind1=" " ind2=" ">
    <subfield code="c">BK</subfield>
  </datafield>
  <datafield tag="590" ind1=" " ind2=" ">
    <subfield code="a">niveau_biblio:m niveau_hierar:0</subfield>
  </datafield>
  <datafield tag="100" ind1="1" ind2=" ">
    <subfield code="a">Alterini, Atilio An&#xED;bal</subfield>
  </datafield>
  <datafield tag="999" ind1=" " ind2=" ">
    <subfield code="c">1069</subfield>
    <subfield code="d">1069</subfield>
  </datafield>
  <datafield tag="952" ind1=" " ind2=" ">
    <subfield code="0">0</subfield>
    <subfield code="1">0</subfield>
    <subfield code="4">0</subfield>
    <subfield code="7">0</subfield>
    <subfield code="a">BCEJYS</subfield>
    <subfield code="b">BCEJYS</subfield>
    <subfield code="c">16</subfield>
    <subfield code="d">2026-04-07</subfield>
    <subfield code="l">0</subfield>
    <subfield code="o">347 A466</subfield>
    <subfield code="p">L21440</subfield>
    <subfield code="r">2026-04-07 15:55:19</subfield>
    <subfield code="w">2026-04-07</subfield>
    <subfield code="y">L</subfield>
  </datafield>
</record>
